000 05120nam a22005057a 4500
005 20100331115532.0
010 _aB-406940-950 (v.I) B-418607-617 (v.II)
020 _a9788170005803 (set)
_c2475.00 (set)
020 _a9788170005810 (v.I)
_c2475.00 (set)
020 _a9788170005827 (v.II)
_c2475.00 (set)
035 _aB-406940-950 (v.I) B-418607-617 (v.II)
037 _bEss Ess Publications
082 _a025.04
245 _aLibrary and information science in digital age:
_cedited by Jagtar Singh, Indervir Malhan [and] Trishanjit Kaur
_b(essays in Honour of Professor M.P. Satija) /
260 _aNew Delhi
_bEss Ess Publications
_c2009
270 _a4837/24, Ansari Road, Daryaganj
_bNew Delhi
_e110002
300 _av.2 (xxvi, 459p.; 460-935p.)
_c24cm(Hb)
700 _aJagtar Singh
_92368
700 _aIndervir Malhan
_92369
700 _aTrishanjit Kaur
_92370
942 _2ddc
_cEN
_mLIB
_h025.04
999 _c34937
_d34937